Marcatori dell'Argentina in Copa América 2015 - Statistics

Statistiche generali
  • Questo quiz è stato fatto 4 volte
  • Il punteggio medio è 9 su 10
Statistiche sulle risposte
Partita Minuto Marcatore % Corretto
Argentina - Paraguay 6-1 47' Ángel Di María
100%
Argentina - Paraguay 6-1 53' Ángel Di María
100%
Argentina - Giamaica 1-0 11' Gonzalo Higuaín
100%
Argentina - Paraguay 6-1 83' Gonzalo Higuaín
100%
Argentina - Paraguay 2-2 36' Lionel Messi
100%
Argentina - Paraguay 2-2 29' Sergio Agüero
100%
Argentina - Uruguay 1-0 56' Sergio Agüero
100%
Argentina - Paraguay 6-1 80' Sergio Agüero
100%
Argentina - Paraguay 6-1 15' Marcos Rojo
67%
Argentina - Paraguay 6-1 27' Javier Pastore
0%
Nessun quiz corrispondente trovato
Distribuzione punteggi
Percentuale di utenti per punteggio
Percentile per numero di risposta
I tuoi punteggi nel tempo
Non hai fatto questo quiz